000 00724nam a22002297a 4500
003 SISC
005 20170118144613.0
008 131116b xxu||||| |||| 00| 0 eng d
020 _a9780857022431
050 _aHD 30.3
_b.C814 2011
100 _aCornelissen, Joep.
245 _aCorporate communication :
_cJoep Cornelissen.
_ba guide to theory and practice /
250 _a3rd edition.
260 _aThousand Oaks, CA :
_bSAGE Publications,
_c2011.
300 _a272 pages :
_billustrations ;
_c25 cm.
504 _aIncludes Bibliographic References and Index.
650 _aCommunication in management.
650 _aBusiness communication.
942 _2lcc
_cBK
_kFOR
999 _c25589
_d25589